00725nam a22002055i 4500001000700000003000900007005001700016008004100033040002500074080000800099100002600107245007900133250001700212260007600229300003200305490005400337650002400391830005400415852005000469163635ES-MaACL20250805062614.0990701s1893 fr |||| | fre d aGA bspa cCCPB | 3D a3161 aRoberty, Eugène de.13aLa sociologie b: essai de philosophie sociologique / cpar E. de Roberty. a3ème éd. aParís : bFélix Alcan, c1893 (eCoulommiers : fImp. Paul Brodard) aVIII, 232, 32 p. ; c22 cm.1 aBibliothèque scientifique internationale ; v37 7aSociología2embne0 aBibliothèque scientifique internationale ; v37 aES-MaACLjF-14367 z-- Enc. editorial en tela